00500nam a2200145 i 4500001000700000003000900007005001700016007000300033008004100036100003000077245017100107260003400278300001900312852002300331149833ES-MaACL20230906203258.0t|071024s1923 sp ||||1| spa d1 aValls i Taberner, Ferran.14aLos privilegios de Alfonso X a la ciudad de Murcia b: discurso... leído en la... apertura del curso... de 1923 a 1924 ante el claustro de la Universidad de Murcia. aBarcelona : bCasals, c1923. a82 p. ; c4º. aES-MaACLj1664-F-7